000 01064cam a2200325 i 4500
001 10147866
003 EG-GICUC
005 20260403221001.0
008 820225s1928 fr a f l 000 0 fre
035 _a10147866
040 _aDLC
_cEG-GICUC
_dEG-GICUC
_bfre
_eRda
082 0 4 _221
_a341.04402
_bC O
092 0 4 _221
_a341.04402
099 _aLaw1 11 341.04402 C O 1928
245 0 0 _aCode national français :
_ba mots de 5 lettres indicatif "NATIO"
300 _a674 pages
_c28 x 23 cm.
336 _atext
_btxt
_2rdacontent
337 _aunmediated
_bn
_2rdamedia
338 _avolume
_bnc
_2rdacarrier
504 _aBibliography: pages 200-250. 240-220
650 0 _aCipher and telegraph codes.
_2qrmak
651 1 _2qrmak
700 1 _aRicour, Chevillet & cie.
856 4 0 _uhttps://fll.law.cu.edu.eg/fulltext/bks/B11-07922.pdf
905 _a15
906 _a0
_bcbc
_cpremunv
_du
_encip
_f19
_gy-gencatlg
942 _2ddc
_cBK
_e21
_n0
999 _c68547
_d68547